000 00708nas a2200241 4500
001 BR9204947
003 BR-BrBNA
005 20231205092810.0
007 ta
008 230509b bl.|||p| |||| 00| 00por d
040 _aBR-BrBNA
_bpor
_cBiblioteca Nacional de Agricultura
041 _a(Pt)
072 _aH50
100 1 _aAlvim, P.T.
245 1 _aFolhas do cacaueiro apontam o elemento que falta na adubacao
650 _aCACAU
650 _aDEFICIENCIA MINERAL
650 _aPRATICO
650 _aDISTURBIO NUTRICIONAL
773 0 _tAgricultura e Pecuaria (Brazil)
_xISSN 0100-249X
_g(Apr 1966), v. 38(504) p. 8-9
_wBR9204947
909 _a202311
_bLúcia
_c55
_dLúcia Elande
942 _2AGRIS
_n0
_cANA
999 _c134273
_d134273